Deutsche Städte, die auf -heim enden - #1 - Statistiken

Allgemein
  • Dieses Quiz wurde 68 mal gespielt
  • Das Durchschnittsergebnis liegt bei 4 aus 20
Antwortstatistiken
BL Einwohner Stadt % Korrekt
BW 318.035 Mannheim
83%
BW 50.618 Heidenheim an der Brenz
69%
BW 134.912 Pforzheim
47%
BW 45.852 Weinheim
31%
HE 65.627 Rüsselsheim am Main
27%
NW 61.611 Bergheim
25%
HE 29.194 Mühlheim am Main
22%
HE 27.864 Heppenheim (Bergstraße)
20%
BW 35.755 Crailsheim
14%
HE 32.400 Lampertheim
14%
HE 34.426 Viernheim
12%
HE 28.467 Hattersheim am Main
8%
HE 39.259 Hofheim am Taunus
8%
BW 21.623 Hockenheim
7%
BY 23.279 Weilheim in Oberbayern
7%
BW 42.299 Kirchheim unter Teck
5%
BW 22.839 Laupheim
5%
BY 33.017 Forchheim
2%
BY 20.858 Puchheim
2%
NW 24.925 Meckenheim
0%
Keine übereinstimmenden Quizze gefunden
Verteilung der Resultate
Anzahl Personen mit jedem Resultat
Perzentil nach korrekt beantworteten Fragen
Ihre Resultats-Entwicklung
Sie haben dieses Quiz noch nicht gespielt